000 00517nam a2200181Ia 4500
005 20250508150424.0
008 008 250505s9999 xx 000 0 eng d
037 _aTextual
040 _aFEDL
_beng
_cFEDL
041 _aeng
_2eng
084 _a371.927, RIP
_qFEDL
100 _aRiper C. Van
_9756656
245 0 _aSpeech correction principles and methods
260 _aNew York, USA
_bPrentice Hall
_c1947
300 _axviii,470p.
942 _cTEXL
_h371.927, RIP
999 _c1323557
_d1323557